000 00339 a2200169 4500
001 182837
020 _a85-325-0119-2
040 _cMagnum
100 _aCoelho, Paulo
240 1 0 _aAs Valkírias
_lpor
245 1 0 _aAs Valkírias
300 _a239
362 0 _a2000
440 1 _aRocco
697 _aLITERATURA GERAL
942 _cBK
999 _c182837
_d182837